00394nam a22000977a 4500008004100000040005500041080001900096245012000115260005100235650001000286230515b |||||||| |||| 00| 0 eng d aNational Science LibrarycNational Science Library aR 058(540)bP2 aIndia book of the year 2002: c/ Research Reference and Training DivisionbEvents of December 2000 to November 2001 aNew Delhi: bEncyclopaedia Britannica, c2002 aIndia